|
|
|
|
| LEADER |
00000nam0a2200000 4500 |
| 001 |
265453 |
| 005 |
20231031223154.0 |
| 020 |
|
|
|a RU
|b 86-77099
|
| 035 |
|
|
|a (RuTPU)RU\TPU\book\288454
|
| 090 |
|
|
|a 265453
|
| 100 |
|
|
|a 20140626d1986 k a0rusy5003 ca
|
| 101 |
0 |
|
|a rus
|
| 102 |
|
|
|a EE
|
| 105 |
|
|
|a y z 101zy
|
| 200 |
1 |
|
|a Проблемы совершенствования преподавания общественных наук в вузах ЭССР в свете материалов XXVII съезда КПСС
|e тезисы конференции, 25-26 сент. 1986 г., г. Таллин
|f Таллинский политехнический институт (ТПИ) ; под ред. В. Пароля
|
| 210 |
|
|
|a Таллин
|c Изд-во ТПИ
|d 1986
|
| 215 |
|
|
|a 226 с.
|
| 333 |
|
|
|a Исключено из фонда НТБ ТПУ
|
| 702 |
|
1 |
|a Пароль
|b В.
|4 340
|
| 712 |
1 |
2 |
|a Проблемы совершенствования преподавания общественных наук в вузах ЭССР в свете материалов XXVII съезда КПСС
|c конференция
|e Таллин
|f 1986
|
| 712 |
0 |
2 |
|a Таллинский политехнический институт (ТПИ)
|
| 801 |
|
0 |
|a RU
|b RuMRKP
|c 19950704
|g psbo
|
| 801 |
|
1 |
|a RU
|b 63413507
|c 20140626
|
| 801 |
|
2 |
|a RU
|b 63413507
|c 20220201
|g RCR
|
| 942 |
|
|
|c BK
|